00667nam a2200205Ia 450000500170000000800410001702000180005804100080007608200150008410000210009924500320012026000440015230000090019650000290020565000360023470000210027094200070029199900170029895201460031520251113152044.0230125s9999 xx 000 0 und d a0-7126-7129-3 aeng a158.1bSTE aChopra D9214851 aAgeless body, timeless mind c1993bRiders Publication LondonaLondon a348p aPersonality Development, aPersonality Development9213420 aChopra D9214851 cBK c84467d84467 00104070aHIMRbHIMRd2002-03-23eCrosswordg225.00l0o158.1 STE B03020pHIMR-BK-3020r2023-01-25 00:00:00v225.00w2002-03-23yBKzB03020